000
00336nam a2200133Ia 4500
008
191201s2003 xx 000 0 und d
100
_a
BHASIN, S K
245
0
_a
Laboratory Manual on Engineering Chemistry
250
_a
2nd
260
_c
2003
_b
Dhanpat Rai Pub (P) Ltd
_a
N.Delhi
300
_a
332
650
_a
APPLIED
942
_2
ddc
_c
BB
999
_c
7180
_d
7180